000 00915nam a2200289Ia 4500
008 170203s9999 xx 000 0 und d
020 _a9781400054664
050 _a320.973
050 _b.G239e 2005
100 _aGarrett, Major.
245 4 _aThe enduring revolution :
245 _bhow the contract with America continues to shape the nation /
245 _cMajor Garrett.
250 _a!st edition.
260 _aNew York :
260 _bCrown Forum,
260 _cc2005.
300 _a325 pages :
300 _billustrations ;
300 _c25 cm.
500 _aIncludes index.
650 _aUnited States. Congress (104th : 1995-1996)
650 _aUnited States--Economic policy--1993-2001.
650 _aUnited States--Economic policy--2001-2009.
650 _aUnited States--Politics and government--1993-2001.
650 _aUnited States--Politics and government--2001-2009.
999 _c305447
_d305447